LEADER 01293nam a2200205 4500 001 000000355161 003 CaOOAMICUS 005 20230829093935.0 008 230829s1605 gw a 000 u gmh r 040 $aSeMil$bita 100 11$aSiebmacher, Johann,$d<1561-1612>.$0(OLS)http://semarc/name/118146 245 10$a[2]. 264 1$aNorimbergae :$bsumptibus Auctoris,$c1605$e(Gedruckt zu Nümberg :$fdurch Christoph Lockner inn verlegung Johann Siebmachers,$g1605) 300 $a226 carte di tav. calcogr. ;$c4° obl 773 0 $aSiebmacher, Johann <1561-1612>$tNew Wapenbuch: Darinnen deß H. Röm. Reichs Teutscher Nation hoher Potentaten Fürsten, Herren, und Adelspersonen auch anderer Ständt und Stätte Wapen ... beneben ihrer Schilt und Helmkleinoten, mit besonderm Fleiß erkündiget, und uff Kupfferstück zum Truck verfertigt, Durch Johann Sibmachern ...$dNorimbergae : sumptibus Auctoris, 1605 (Gedruckt zu Nümberg : durch Christoph Lockner inn verlegung Johann Siebmachers, 1605)$g2$w()355159 850 $aSeMil 852 $aSeMil$W1$xVenegono$y1$m5D V 13 FA$j243253$B246443$CSeMilBibl$Z2$F246443 $8I 996 $6245$a[2]$9(OLS)http://semarc/title/54267 996 $6264$aNorimbergae :$bsumptibus Auctoris$9(OLS)http://semarc/publisher/61203 LEADER 01135nam a2200217 i 4500 001 000000008942 003 CaOOAMICUS 005 20180830125439.0 008 180830s1999 it u000 u ita u 040 $aSeMil$bita 100 1 $aVázquez de Prada, Andrés.$0(OLS)http://semarc/name/4447 245 13$aIl fondatore dell'Opus Dei :$bvita di Josemaria Escrivà /$cAndrés Vazquez de Prada ; traduzione di Agostino Donà. 260 $aMilano :$bLeonardo International,$c1999-2004. 300 $a3 v. ;$c22 cm. 600 14$aEscrivá de Balaguer, Josemaría .$0(OLS)http://semarc/subject/12727 700 1 $aDonà, Agostino.$0(OLS)http://semarc/name/4448 774 0 $aVázquez de Prada, Andrés$t[1902-1936].$z88-86482-57-4$gVol.1$w()69074 774 0 $aVázquez de Prada, Andrés$t[1936-1946].$bEd.$z88-86482-90-6$gVol.2$w()113476 774 0 $aVázquez de Prada, Andrés$t[1946-1975].$b2. edizione.$z88-88828-24-9$gVol.3$w()126986 996 $6245$aIl fondatore dell'Opus Dei :$bvita di Josemaria Escrivà$9(OLS)http://semarc/title/11824 996 $6260$aMilano :$bLeonardo International$9(OLS)http://semarc/publisher/33827